| 000 | 00478cam a2200193ua 4500 | ||
|---|---|---|---|
| 020 | _c775.00 | ||
| 041 |
_aeng _h |
||
| 082 |
_a547 _bPRA/AG |
||
| 100 | _aPradhan, A. K. | ||
| 245 |
_aAgricultural chemistry / _cA.K Pradhan. _hTextual Documents |
||
| 260 |
_aDelhi : _bManagalam Publishers & Distributors , _c2007. |
||
| 300 | _a292 ; . | ||
| 365 | _a775.00 | ||
| 504 | _a | ||
| 942 | _cBK | ||
| 999 |
_c13166 _d13166 |
||